10 Best Countries in Floorball World Championships - Statistics

General Stats
  • This quiz has been taken 562 times
  • The average score is 8 of 10
Answer Stats
Answer % Correct
Sweden 11
99%
Finland 11
98%
Switzerland 7
89%
Norway 1
81%
Czech Republic 3
80%
Germany 54
80%
Denmark 69
72%
Latvia 75
69%
Estonia 28
61%
Russia 50
54%
No matching quizzes found
Score Distribution
Percent of People with Each Score
Percentile by Number Answered
Your Score History
You have not taken this quiz